Vista normal
Vista MARC
Entrada Término temático
Número de registros utilizados en: 1
001 - NÚMERO DE CONTROL
- campo de control: 90189
003 - IDENTIFICADOR DEL NÚMERO DE CONTROL
- campo de control: BNPHU
005 - FECHA Y HORA DE LA ÚLTIMA TRANSACCIÓN
- campo de control: 20260618132407.0
008 - DATOS DE LONGITUD FIJA
- campo de control de longitud fija: 260618|| aza||babn | a|a d
010 ## - NÚMERO DE CONTROL DE LA BIBLIOTECA DEL CONGRESO
- Número de control de LC: sh 99001714
040 ## - FUENTE DE LA CATALOGACIÓN
- Centro catalogador/agencia de origen: DO-SdBNP
- Lengua de catalogación: spa
- Centro/agencia transcriptor: BNPHU
- Normas de descripción: rda
150 ## - ENCABEZAMIENTO--TÉRMINO DE MATERIA
- Subdivisión de forma: Relatos personales
485 0# - TRAZADO DE VÉASE ADEMÁS--SUBDIVISIÓN DE FORMA
- Subdivisión de forma: Personal narratives
670 ## - FUENTE DE DATOS ENCONTRADOS
- Identificador Uniforme del Recurso: https://librunam.dgb.unam.mx:8443/F/8V2TV4BNE3NS11C96Y6GTNTL44HLIMQIF8Q6S8EKIQTJYHX4J6-15713?func=full-set-set&set_number=009060&set_entry=000001&format=001 Consultado en 19 de Junio, 2026
680 ## - NOTA GENERAL PÚBLICA
- Texto explicativo: Úsese como una subdivisión de forma bajo nombres de eventos y guerras.
681 ## - NOTA DE EJEMPLO DE TRAZADO DE MATERIA
- Texto explicativo: Referencia bajo
- Encabezamiento de materia o término de subdivisión: Relatos de testigos oculares; Relatos personales
681 ## - NOTA DE EJEMPLO DE TRAZADO DE MATERIA
- Texto explicativo: Nota bajo
- Encabezamiento de materia o término de subdivisión: Diarios de guerra
785 0# - ENTRADA DE ENLACE DE SUBDIVISIÓN--SUBDIVISIÓN DE FORMA
- Subdivisión de forma: Personal narratives
- Número de control del registro de autoridad o número normalizado: sh 99001714
